Online
Catalog

Estudios sociales 4º: (Record no. 56697)

MARC details
000 -CABECERA
campo de control de longitud fija 01469nam a2200265 i 4500
003 - IDENTIFICADOR DEL NÚMERO DE CONTROL
campo de control DO-SdBNP
005 - FECHA Y HORA DE LA ÚLTIMA TRANSACCIÓN
campo de control 20240520093330.0
006 - CÓDIGOS DE INFORMACIÓN DE LONGITUD FIJA--CARACTERÍSTICAS DEL MATERIAL ADICIONAL
campo de control de longitud fija a||||br|||| 00| 0
007 - CAMPO FIJO DE DESCRIPCIÓN FÍSICA--INFORMACIÓN GENERAL
campo de control de longitud fija ta
008 - DATOS DE LONGITUD FIJA--INFORMACIÓN GENERAL
campo de control de longitud fija 240520e1984 dr aobc| |||| 00| 0 spa d
040 ## - FUENTE DE LA CATALOGACIÓN
Centro catalogador/agencia de origen DO-SdBNP
Lengua de catalogación spa
Centro/agencia transcriptor BNPHU
Normas de descripción rda
082 #4 - NÚMERO DE LA CLASIFICACIÓN DECIMAL DEWEY
Número de edición 22
Número de documento/Ítem L793e, 1984
100 1# - ENTRADA PRINCIPAL--NOMBRE DE PERSONA
Nombre de persona Lluberes, Andrea Mercedes,
9 (RLIN) 42865
Término indicativo de función/relación autor
245 10 - MENCIÓN DE TÍTULO
Título Estudios sociales 4º:
Resto del título educación primaria /
Mención de responsabilidad, etc. Andrea Mercedes Lluberes; dibujos, Juan Soto y Liliana Pérez; fotografías, Rafael Rodríguez.
250 ## - MENCIÓN DE EDICIÓN
Mención de edición 4ta edición.
264 #1 - PRODUCCIÓN, PUBLICACIÓN, DISTRIBUCIÓN, FABRICACIÓN Y COPYRIGHT
Producción, publicación, distribución, fabricación y copyright Santo Domingo :
Nombre del de productor, editor, distribuidor, fabricante Disesa,
Fecha de producción, publicación, distribución, fabricación o copyright 1984
300 ## - DESCRIPCIÓN FÍSICA
Extensión 146 páginas :
Otras características físicas ilustraciones, fotografías, mapas, retratos ;
Dimensiones 26 cm.
336 ## - TIPO DE CONTENIDO
Fuente rdacontent
Término de tipo de contenido texto
Código de tipo de contenido txt
337 ## - TIPO DE MEDIO
Fuente rdamedia
Nombre/término del tipo de medio sin mediación
Código del tipo de medio n
338 ## - TIPO DE SOPORTE
Fuente rdacarrier
Nombre/término del tipo de soporte volumen
Código del tipo de soporte nc
500 ## - NOTA GENERAL
Nota general Este libro ha sido aprobado y recomendado por la Secretaría de Estado de Educación, Bellas Artes y cultos, mediante oficio No. 189 de fecha 29 de diciembre de 1982, para ser usado como texto básico para el 4to. Curso de la Educación Primaria.
505 ## - NOTA DE CONTENIDO CON FORMATO
Nota de contenido con formato Unidad I: La Tierra, Nuestro Planeta.-- Unidad 2: La República Dominicana y sus características Económicas.-- Unidad 3: La Vida en Santo Domingo Durante el Descubrimiento. Conquista y colonización.-- Unidad 4: Nacimiento, Formación y Evolución de Nuestra patria.-- Unidad 5: Seamos Buenos Dominicanos.-- Unidad 6: Actividades del Hombre.
590 ## - NOTA LOCAL (RLIN)
Nota local Inventariado 2024 / MF
942 ## - ELEMENTOS DE PUNTO DE ACCESO ADICIONAL (KOHA)
Fuente del sistema de clasificación o colocación Dewey Decimal Classification
Tipo de ítem Koha Libro
Holdings
Estado de retiro Estado de pérdida Fuente del sistema de clasificación o colocación Restricciones de uso No para préstamo Código de colección Localización permanente Ubicación/localización actual Ubicación en estantería Fecha de adquisición Fuente de adquisición Total de préstamos Signatura topográfica completa Código de barras Fecha visto por última vez Precio válido a partir de Tipo de ítem Koha
    Dewey Decimal Classification Excluido de préstamo   Patrimonio Dominicano Biblioteca Nacional Pedro Henríquez Ureña Biblioteca Nacional Pedro Henríquez Ureña En catalogación 20.05.2023 Perteneció a la biblioteca personal de Germán Emilio Ornes / Presidencia de la República Dominicana   L793e 2024-3039 20.05.2024 20.05.2024 Libro

Powered by Koha